LEADER 01185nas 2200385-a 450 001 9910143518703321 005 20250922103011.0 035 $a(CKB)111088196503498 035 $a(CONSER)--2003248279 035 $a(EXLCZ)99111088196503498 100 $a20030926a20029999 --- - 101 0 $aeng 181 $ctxt$2rdacontent 182 $cc$2rdamedia 183 $acr$2rdacarrier 200 10$aBulletin /$fNational Széchényi Library 210 $aBudapest $cBibliotheca Nationalis Hungariae$d2002- 215 $a1 online resource 311 08$aPrint version: Bulletin / (DLC) 2003248279 (OCoLC)53094519 1589-004X 517 1 $aBulletin ... National Széchényi Library 531 1 $aBull. - Natl. Széchényi Lib. 606 $aLibraries$zHungary$vPeriodicals 606 $aLibraries$2fast$3(OCoLC)fst00997341 607 $aHungary$2fast 608 $aBericht. 608 $aPeriodicals.$2fast 608 $aBericht.$2swd 615 0$aLibraries 615 7$aLibraries. 712 02$aOrsza?gos Sze?che?nyi Ko?nyvta?r. 906 $aJOURNAL 912 $a9910143518703321 920 $aexl_impl conversion 996 $aBulletin$9467419 997 $aUNINA